[Event "CRO-ch Men 2018"]
[Site "Pozega"]
[Date "2018.04.24"]
[Round "8.5"]
[White "Fercec, Nenad"]
[Black "Stevic, Hrvoje"]
[Result "1/2-1/2"]
[WhiteElo "2446"]
[BlackElo "2587"]
[Annotator "TA"]
[PlyCount "202"]
[EventDate "2018.??.??"]
[EventType "tourn"]
[EventCountry "CRO"]
[SourceTitle "playchess.com"]
[Source "ChessBase"]
[SourceQuality "1"]

{[%evp 19,202,10,20,-16,-11,-3,-5,-5,7,5,6,8,10,4,6,8,15,0,0,-6,-4,0,0,0,0,-7,0,-37,-33,-60,-30,-35,-33,-43,-43,-43,-29,-43,-31,-39,-29,-43,-35,-38,-14,-53,-53,-145,-148,-139,-139,-158,-158,-164,-154,-162,-150,-158,-133,-133,-128,-128,-111,-129,-111,-111,-111,-108,0,-101,-101,-101,-101,-94,-87,-91,-73,-193,-186,-141,-110,-111,-21,-21,-21,-21,-21,-21,-52,-52,-21,-21,-21,-21,-21,-21,-21,-21,-21,-21,-21,-21,-21,-21,-21,-21,-21,-21,-21,-21,0,-21,-21,-21,-21,-21,-21,-21,-21,-119,-118,-253,0,0,0,0,0,0,0,0,0,-21,0,-21,-21,-21,0,0,0,0,0,-52,-52,-52,-52,-52,-52,-52,-21,-21,-21,-21,-21,-52,-52,-52,-52,-52,-52,-52,-21,-21,-21,-52,0,-21,0,-52,-21,-21,-21,-21,-21,-21,-21,-21,0,0,0,0,0,0,0,0,0]} 1. e4 e5 2. Nf3 Nc6 3. Bb5 a6 4. Ba4 Nf6 5. d3 b5 6. Bb3 Be7 7. Nc3 d6 8. a3 O-O 9. O-O Bb7 10. Bg5 Qd7 {LiveBook: 4 Games. C84: Closed Ruy Lopez: Unusual White 6th moves} 11. Nd5 Nxd5 $1 12. Bxd5 Bxg5 13. Nxg5 {[#]} h6 $146 ({Predecessor:} 13... Nd8 14. Bxb7 Nxb7 15. f4 f6 16. Nf3 exf4 17. Nd4 d5 18. Rxf4 dxe4 19. dxe4 {0-1 (28) Deshpande,A (2252)-Kravtsiv,M (2589) Mumbai 2015}) 14. Nf3 Rab8 15. c3 Ne7 16. Bxb7 Rxb7 17. d4 Qe6 18. b4 a5 19. bxa5 Ra8 20. a4 Rxa5 21. axb5 Raxb5 22. g3 Ng6 23. dxe5 Nxe5 24. Re1 ({Of course not} 24. Nd4 Qh3 $17) 24... Qh3 25. Nxe5 Rxe5 26. Qf3 Rh5 27. Qg2 Qxg2+ 28. Kxg2 $15 {[%mdl 4096] Endgame KRR-KRR} Rb3 29. Re3 Rc5 30. Rc1 Rb2 31. Kf1 Rc4 32. h3 f6 33. f3 (33. Ra1 $15) 33... Rh2 $1 $17 {[%cal Rh2h1]} 34. Kg1 Rxh3 35. f4 Rh5 36. f5 Rg5 37. Rf1 Kf7 38. Kg2 g6 39. fxg6+ Rxg6 40. Kf3 Ke6 41. Rh1 Rc5 42. g4 Kf7 43. Rh4 Ke6 (43... Kg7 $17 44. Ke2 Rcg5) 44. Ke2 (44. Rh1 $11) 44... Rcg5 45. Kf3 {[#]} h5 $1 {[%mdl 512]} 46. gxh5 Rh6 47. Ke2 Rgxh5 48. Rxh5 (48. Rg4 $17) 48... Rxh5 {KR-KR} 49. Kd3 Ke5 50. Rf3 c5 ({Black should play} 50... c6 $17 51. c4 Rg5) 51. c4 $1 $11 Rh1 52. Rf5+ Ke6 53. Rf3 Rc1 54. Rf5 Ra1 55. Kc3 Ra3+ 56. Kd2 Rg3 57. Rf2 Rg5 {White must now prevent ...Ke5.} 58. Ke3 Rg1 59. Kd2 Ra1 {Strongly threatening ...Ra2+.} 60. Rf5 Ra3 61. Rh5 Rf3 62. Rd5 $1 Rf2+ 63. Ke3 Rc2 64. Kd3 Rc1 {...Rd1+ is the strong threat.} (64... Rb2 {is interesting.} 65. Kc3 Rf2 66. Rh5 Rf1 67. Kd2 f5) 65. Rf5 Rd1+ 66. Kc3 $1 Rd4 67. Rf4 Kf7 68. Rg4 Rd1 69. Kc2 {[#]} (69. Rf4 $11) 69... Rf1 $1 $17 70. Rh4 {[#]} (70. Kd2 $17) 70... Kg6 $2 (70... Ke6 $1 $19 {And now ...Ke5 would win.} 71. Rh5 Re1) 71. Rg4+ $11 Kh5 72. Rg8 Re1 73. Kd3 Kh6 74. Rg4 Rd1+ 75. Kc3 Rf1 76. Rg3 Ra1 77. Rg4 Rf1 78. Rg3 Rc1+ 79. Kd3 Rd1+ 80. Kc3 (80. Ke3 $11) 80... Rd4 $15 81. Rf3 Kg5 82. Rf5+ Kg6 83. Rf4 Kg7 84. Rg4+ Kf7 85. Rh4 Ke7 86. Rf4 Ke6 87. Kb3 Rd3+ 88. Kc2 Ra3 89. Rf5 Rg3 90. Kd2 Rb3 91. Kc2 Ra3 (91... Re3 {keeps more tension.} 92. Rf4 Ke5 93. Rf5+ Kd4 94. Rxf6 Rxe4 95. Rxd6+ Kxc4 96. Rd2 Kb4) 92. Kd2 Rg3 93. Kc2 (93. Rf2 $11) 93... Rg5 (93... Re3 {feels hotter.} 94. Rf4 Ke5 95. Rf5+ Kxe4 96. Rxf6 Kd4) 94. Rf3 {The position is equal.} Re5 95. Kd3 Ke7 96. Rh3 Kd7 97. Rh7+ Re7 98. Rh6 Rf7 99. Rh5 Kc6 100. Rf5 Kb6 101. Rd5 Kc7 {Precision: White = 58%, Black = 66%.} 1/2-1/2

[Event "CRO-ch Men 2018"]
[Site "Pozega"]
[Date "2018.04.24"]
[Round "8.6"]
[White "Kozul, Zdenko"]
[Black "Saric, Ante"]
[Result "1/2-1/2"]
[WhiteElo "2611"]
[BlackElo "2541"]
[Annotator "TA"]
[PlyCount "92"]
[EventDate "2018.??.??"]
[EventType "tourn"]
[EventCountry "CRO"]
[SourceTitle "playchess.com"]
[Source "ChessBase"]
[SourceQuality "1"]

{[%evp 13,92,0,0,0,0,0,0,0,0,0,0,0,0,0,0,0,0,0,0,0,8,-3,3,4,14,9,30,0,0,0,0,0,0,0,0,0,0,0,5,0,0,0,0,0,-2,-7,0,0,0,0,0,0,0,0,0,0,0,0,0,0,0,0,0,0,0,0,0,0,0,0,0,0,0,0,0,0,0,0,0,0,0]} 1. d4 Nf6 2. Nf3 d5 3. c4 e6 4. e3 Be7 5. Nc3 O-O 6. b3 c5 {D37: Queen's Gambit Declined: 5 Bf4} 7. dxc5 dxc4 {LiveBook: 3 Games} 8. Qxd8 (8. Bxc4 Bxc5 9. O-O Nc6 10. Bb2 Qe7 11. a3 Rd8 12. Qc2 Bd7 13. Ng5 h6 14. Nge4 Nxe4 15. Nxe4 {1-0 (43) Mamedyarov,S (2799)-Cheparinov,I (2710) Riadh 2017}) 8... Rxd8 9. Bxc4 Bxc5 10. Bb2 $146 ({Predecessor:} 10. O-O a6 11. Bb2 b5 12. Be2 Bb7 13. Rfc1 Bf8 14. Kf1 {½-½ (29) Kacheishvili,G (2607)-Hess,R (2595) ICC INT 2012}) 10... a6 11. Be2 b5 12. Ne5 Bb7 13. Bf3 Bxf3 14. Nxf3 Nbd7 15. Ke2 Kf8 16. Rhd1 Ke8 17. g4 h6 18. h3 Rdc8 19. Rac1 Rc6 20. h4 {[#] Hoping for g5.} Nxg4 {The position is equal.} 21. Ne4 {b4 is the strong threat.} Rac8 $1 22. Bxg7 Be7 23. Rxc6 Rxc6 24. Nd4 Rc8 25. Rg1 f5 26. f3 ({Much weaker is} 26. Nxe6 Rc2+ 27. Nd2 Bb4 $17) 26... fxe4 27. Rxg4 exf3+ 28. Kxf3 Kf7 {Threatening ...h5.} 29. Rg2 Rg8 30. Nc6 Bxh4 31. Bxh6 Rxg2 32. Kxg2 $11 {[%mdl 4096] Endgame KBN-KBN} Kg6 33. Bf4 Kf5 34. Kf3 e5 35. e4+ Ke6 36. Bd2 Be7 37. Ba5 Bd6 38. Nd8+ Ke7 39. Kg4 Kf6 40. Be1 Nc5 41. Kf3 Nd3 42. Bd2 Ke7 43. Nb7 Ba3 44. Ke3 Nb4 45. Nc5 Nc2+ 46. Kd3 Bxc5 {Precision: White = 77%, Black = 80%.} 1/2-1/2

[Event "CRO-ch Men 2018"]
[Site "Pozega"]
[Date "2018.04.25"]
[Round "9.1"]
[White "Saric, Ante"]
[Black "Kuljasevic, Davorin"]
[Result "1/2-1/2"]
[WhiteElo "2541"]
[BlackElo "2538"]
[Annotator "TA"]
[PlyCount "43"]
[EventDate "2018.??.??"]
[EventType "tourn"]
[EventCountry "CRO"]
[SourceTitle "playchess.com"]
[Source "ChessBase"]
[SourceQuality "1"]

{[%evp 23,24,0,8]} 1. c4 e5 2. Nc3 Nf6 3. Nf3 Nc6 4. g3 d5 5. cxd5 Nxd5 6. Bg2 Nb6 7. O-O Be7 8. d3 O-O 9. a3 Re8 10. b4 Bf8 11. Bb2 a5 12. b5 Nd4 {Predecessor:} 13. Nd2 $146 c6 14. bxc6 Nxc6 15. Na4 Nxa4 16. Qxa4 Bd7 17. Rfc1 Rb8 18. Qb3 Be6 19. Qb5 Bd7 20. Qb3 Be6 21. Qb5 Bd7 22. Qb3 {½-½ (22) Vitiugov,N (2722)-Svidler,P (2765) St Petersburg 2017} 1/2-1/2

[Event "CRO-ch Men 2018"]
[Site "Pozega"]
[Date "2018.04.25"]
[Round "9.3"]
[White "Martinovic, Sasa"]
[Black "Fercec, Nenad"]
[Result "1-0"]
[WhiteElo "2594"]
[BlackElo "2446"]
[Annotator "TA"]
[PlyCount "53"]
[EventDate "2018.??.??"]
[EventType "tourn"]
[EventCountry "CRO"]
[SourceTitle "playchess.com"]
[Source "ChessBase"]
[SourceQuality "1"]

{[%evp 18,53,29,23,44,41,56,45,98,95,95,94,118,110,135,75,257,133,281,283,279,258,256,251,293,295,428,421,410,403,381,387,538,527,514,497,946,937]} 1. d4 Nf6 2. c4 e6 3. Nc3 Bb4 4. Qc2 b6 5. e4 c5 6. d5 {E32: Nimzo-Indian: Classical (4 Qc2): 4...0-0} Qe7 7. Nge2 {[%cal Bg1e2,Be2g3,Bg3f5,Bf5d6][%mdl 32]} exd5 8. exd5 O-O 9. Bd2 d6 10. f3 {LiveBook: 6 Games} a6 $146 ({Predecessor:} 10... Ba6 11. O-O-O Bxc4 12. Ng3 Bxf1 13. Rhxf1 Nbd7 {1-0 (48) Dreev,A (2652)-Moussard,J (2567) Bastia 2017}) 11. O-O-O b5 12. Ng3 Nbd7 (12... bxc4 $14 13. Bxc4 Qd8) 13. Nf5 $16 Qd8 14. Nxd6 Ne5 15. Nxc8 bxc4 16. Bg5 (16. Qf5 $142 Nd3+ 17. Bxd3 cxd3 18. Qxd3) 16... h6 $2 (16... Rxc8 $16 17. Ne4 c3) 17. Bf4 (17. d6 $18 Rxc8 18. Bxf6 gxf6 19. Nd5) 17... Ng6 (17... Nd3+ $16 {keeps fighting.} 18. Bxd3 cxd3 19. Qxd3 Qxc8) 18. Bg3 $18 {[#] And now Nd6 would win.} ({Don't do} 18. Bd6 $6 Re8 $18) 18... Rxc8 19. Bxc4 Nh5 20. d6 {Threatens to win with Qxg6.} ({Much less strong is} 20. Bxa6 $6 Ra8 $16) 20... Nxg3 21. hxg3 {aiming for Qxg6.} Ne5 (21... Qg5+ $142 22. Kb1 Bxc3) 22. Ne4 Rb8 23. Rh5 Nxc4 24. Qxc4 Re8 25. a3 {White is clearly winning.} Ba5 26. d7 Re6 (26... Rf8 $142 27. Rxc5 Bb6) 27. Rxc5 {Precision: White = 66%, Black = 13%.} 1-0

[Event "CRO-ch Men 2018"]
[Site "Pozega"]
[Date "2018.04.25"]
[Round "9.4"]
[White "Kovacevic, Blazimir"]
[Black "Palac, Mladen"]
[Result "1/2-1/2"]
[WhiteElo "2493"]
[BlackElo "2551"]
[Annotator "TA"]
[PlyCount "86"]
[EventDate "2018.??.??"]
[EventType "tourn"]
[EventCountry "CRO"]
[SourceTitle "playchess.com"]
[Source "ChessBase"]
[SourceQuality "1"]

{[%evp 9,86,2,10,8,4,4,8,0,8,14,9,6,14,0,21,26,29,30,28,6,110,122,172,162,216,79,83,74,70,79,101,13,186,178,152,159,120,142,117,128,119,121,282,43,256,233,319,329,370,389,339,116,300,179,175,-6666,-159,-6479,-6479,-5265,-5218,-5273,107,107,107,100,121,96,211,204,227,238,252,252,252,252,252,252,252]} 1. d4 Nf6 2. Nf3 d5 3. e3 c5 4. Nbd2 Nbd7 5. dxc5 (5. Be2 g6 6. O-O Bg7 7. c4 O-O 8. b3 cxd4 9. Nxd4 e5 10. Nb5 a6 11. Nd6 Nc5 12. Nxc8 Rxc8 {0-1 (62) Harika,D (2505)-Melkumyan,H (2678) Doha 2014}) 5... Nxc5 6. b4 {D04: Colle System} Ncd7 7. c4 $146 ({Predecessor:} 7. Bb2 e6 8. a3 Be7 9. c4 dxc4 10. Bxc4 O-O 11. e4 Nb6 {1-0 (55) Kekki,P (2285)-Turtiainen,T Helsinki 1999}) 7... e6 8. c5 {The position is equal.} a5 9. Qa4 Qc7 10. Bb2 {next Be5 is good for White.} Qb8 11. bxa5 Be7 12. Nb3 $36 {[%mdl 2048] Black is under pressure.} O-O 13. Rc1 Ne4 {[%cal Rd7c5]} 14. Bd3 f5 ({Don't take} 14... Ndxc5 15. Nxc5 Nxc5 16. Qc2 $17) (14... b6 $1 $11) 15. Qb5 $1 $16 f4 16. O-O $1 Ng5 (16... fxe3 {keeps fighting.} 17. fxe3 h6 18. Bxe4 dxe4) 17. Be2 (17. Nxg5 $18 Bxg5 18. c6 bxc6 19. Qxc6) 17... Nxf3+ 18. Bxf3 fxe3 19. fxe3 Ne5 {[#]} 20. Qe2 ({Better is} 20. c6 $1 $16 {[%mdl 512] aiming for cxb7.} Nc4 (20... bxc6 21. Qxb8) 21. Bxd5 $1 {[%mdl 512]} Nxb2 22. Rxf8+ Bxf8 23. cxb7 Bxb7 24. Bxb7) 20... b6 $2 (20... Bd7 $11) 21. cxb6 $18 Ba6 22. Bxe5 Qxe5 23. Qd2 Bxf1 24. Rxf1 Bg5 25. Re1 Rac8 $2 (25... Bh4 $16) 26. Qd4 $2 (26. Nd4 $1 $18) 26... Qb8 $2 {[#]} ({Black should try} 26... Qd6 $14) 27. Bxd5 $1 {[%mdl 512]} exd5 28. Qxd5+ Kh8 {Strongly threatening ...Bh4.} 29. Qxg5 Rc2 30. Rd1 $2 (30. Nd4 $18 Rb2 31. Ne6) 30... Rxa2 $2 (30... Qe8 $16 {is a better defense.}) 31. Qd5 (31. Qe7 $142) 31... Qe8 32. Nd4 $4 {[%mdl 8192]} (32. e4 $18) 32... Qxe3+ $19 33. Kh1 Rd2 {[%cal Rd2d1]} 34. Rb1 Rxd4 35. Qb5 Qd3 $2 (35... Rd2 $19 {( -> ...Qf2)} 36. Qb4 Qf2 37. Qxf8+ Qxf8) 36. Qxd3 $16 Rxd3 {[#]} 37. h3 $1 h6 {White must now prevent ...Rb8.} 38. b7 Rb8 (38... Kh7 $16) 39. a6 $18 Ra3 {[#]} 40. Rc1 $1 {[%cal Rc1c8]} Rxa6 41. Rc8+ {White has a decisive advantage.} Kh7 42. Rxb8 Rb6 43. Kh2 Rb3 {[%mdl 32768] Precision: White = 47%, Black = 39%. . An unexpected result.} 1/2-1/2

[Event "CRO-ch Men 2018"]
[Site "Pozega"]
[Date "2018.04.25"]
[Round "9.5"]
[White "Saric, Ivan"]
[Black "Jovanovic, Zoran"]
[Result "1/2-1/2"]
[WhiteElo "2677"]
[BlackElo "2536"]
[Annotator "TA"]
[PlyCount "115"]
[EventDate "2018.??.??"]
[EventType "tourn"]
[EventCountry "CRO"]
[SourceTitle "playchess.com"]
[Source "ChessBase"]
[SourceQuality "1"]

{[%evp 16,115,13,0,-2,-25,-37,-25,0,0,3,0,0,0,0,-7,22,16,12,-29,-2,-2,-2,0,0,0,-6,-97,-106,-99,-103,-97,-107,-109,-91,-97,-94,-96,-91,-89,-72,-71,-79,-70,-32,-96,-95,-81,-78,-93,-83,-160,-160,-172,-176,-190,-189,-245,-138,-189,-187,-175,0,-196,0,-170,-182,-176,-165,-162,-102,-109,-110,-101,-109,-116,-64,-75,-85,-72,-72,-91,-66,-58,0,0,0,0,0,0,0,0,0,0,0,0,0,0,0,0,0,0]} 1. e4 g6 2. d4 c6 3. Nc3 d5 4. Nf3 Bg7 5. Bf4 dxe4 6. Nxe4 Nf6 {B15: Caro-Kann: 3 Nc3: 3...g6 and 3...dxe4 4 Nxe4 Nf6 5 Nxf6+ exf6} 7. Nxf6+ exf6 8. Qd2 O-O 9. O-O-O {LiveBook: 3 Games} Bg4 10. Kb1 $146 ({Predecessor:} 10. Be2 Nd7 11. d5 cxd5 12. Qxd5 Rc8 13. Bb5 Ne5 14. Qxd8 Rfxd8 15. Rxd8+ Rxd8 {1-0 (36) Kokarev,D (2546)-Sergienko,S (2480) Voronezh 2007}) 10... Nd7 11. h3 Be6 12. c4 a5 13. g4 Nb6 14. Qc2 a4 15. a3 Qd7 16. Bd3 Nc8 17. g5 b5 18. gxf6 Bxf6 19. Ne5 Qxd4 20. Be4 Qc5 21. Nxc6 (21. cxb5 $1 $11 {was the only way to keep the balance.} Qxc2+ 22. Kxc2) 21... Qxc4 $17 22. Qxc4 bxc4 23. h4 Ra6 24. Nb4 Rb6 25. Be3 Rb5 26. Bc6 Ra5 27. Nd5 Bxd5 28. Rxd5 Rxd5 29. Bxd5 Nd6 30. Bc5 (30. Bg5 $15 Kg7 31. Bc6) 30... Rd8 31. Bb4 h5 32. Rh3 Kg7 33. Ka2 (33. Bc6 $142) 33... Rc8 34. f4 Nf5 35. Bb7 Rc7 36. Ba6 (36. Be4 $142) 36... Nd4 ({Don't take} 36... Bxh4 37. Bb5) (36... Nxh4 $19 37. Kb1 Nf5) 37. Bc3 (37. Rh2 $17) 37... Rc6 $19 38. Bb7 Rc7 39. Ba6 $1 Rc6 40. Bb7 $1 {[#] aiming for Bxd4.} Rc5 41. Be4 Ne2 42. Bb4 Rc7 ({Stronger than} 42... Nxf4 43. Rf3 $11) (42... Rb5 $19 43. f5 gxf5) 43. f5 $17 c3 44. bxc3 Bxc3 45. Re3 Nc1+ 46. Kb1 Bxb4 47. axb4 {[%mdl 4096] Endgame [#] KRB-KRN} Nb3 $1 {[%cal Rb3d2]} 48. Bd5 Nd2+ 49. Ka2 Rc2+ (49... gxf5 $15 50. Ka3 Nc4+ 51. Bxc4 Rxc4) 50. Ka3 $11 {The position is equal.} Nb1+ 51. Kxa4 {Hoping for Kb3.} Nc3+ ({Of course not} 51... gxf5 52. b5 $14) 52. Rxc3 $1 Rxc3 53. fxg6 fxg6 {Strongly threatening ...Rh3. KR-KB} 54. b5 Rc5 55. Bb3 Rc8 56. b6 Kf6 57. Kb5 Rb8 58. Kc6 {Precision: White = 56%, Black = 71%.} 1/2-1/2

[Event "CRO-ch Men 2018"]
[Site "Pozega"]
[Date "2018.04.25"]
[Round "9.6"]
[White "Bosiocic, Marin"]
[Black "Brkic, Ante"]
[Result "0-1"]
[WhiteElo "2605"]
[BlackElo "2596"]
[Annotator "TA"]
[PlyCount "80"]
[EventDate "2018.??.??"]
[EventType "tourn"]
[EventCountry "CRO"]
[SourceTitle "playchess.com"]
[Source "ChessBase"]
[SourceQuality "1"]

{[%evp 21,80,-15,0,-29,6,-10,-12,0,0,0,0,0,0,0,0,0,0,-14,-13,-17,-17,-14,-18,-20,-7,-7,0,-10,-10,-8,-12,-13,-13,-29,-24,-39,-19,-102,-102,-108,-96,-212,-210,-193,-180,-207,-204,-194,-176,-298,-242,-829,-305,-919,-918,-867,-918,-1092,-1082,-1251,-1204]} 1. d4 Nf6 2. Nf3 d5 3. c4 e6 4. g3 Bb4+ 5. Bd2 Be7 6. Bg2 O-O 7. O-O Nbd7 8. Qb3 c6 9. Nc3 Nb6 {E11: Bogo-Indian} 10. cxd5 exd5 11. Ne5 Bf5 {LiveBook: 5 Games. The position is equal.} (11... Nfd7 12. Nd3 Nc4 13. Bf4 Bd6 14. Rfd1 Bxf4 15. Nxf4 Nd6 16. f3 Qb6 17. e4 dxe4 18. fxe4 {0-1 (36) Ftacnik,L (2546)-Meier,G (2655) Heraklio 2017}) 12. Rad1 Nfd7 13. Bf4 Nxe5 $146 ({Predecessor:} 13... Qc8 14. Rfe1 Nxe5 15. dxe5 Nd7 16. e4 Nc5 17. Qa3 dxe4 18. Nxe4 Bxe4 19. Bxe4 {1-0 (35) Khasin,A-Filipenko,A (2375) Soviet Union 1986}) 14. dxe5 Qc8 15. e4 dxe4 16. Nxe4 Qe6 17. Nd6 Qxb3 18. axb3 Bxd6 19. Rxd6 Be6 20. Rd3 Rfd8 21. Rfd1 Rxd3 22. Rxd3 Nd7 23. b4 a5 24. Ra3 a4 25. Rd3 h6 26. h4 Kf8 27. h5 Ke8 28. Bf3 Nb6 29. Be3 (29. Bd2 $11 {remains equal.}) 29... Nc4 $1 $36 {[%cal Rc4e5][%mdl 2048] White is under strong pressure.} 30. Bd4 Rd8 31. Rd1 {[#]} (31. Be4 $17 {keeps fighting.}) 31... Rxd4 $1 $19 {[%mdl 512]} 32. Rxd4 Nxb2 {[%mdl 4096] Endgame ...a3 is the strong threat. KRB-KBN} 33. Be4 a3 {[%mdl 1024] Black has strong compensation.} 34. Bb1 b5 ({And not} 34... a2 35. Bxa2 $1 {[%mdl 512]} Bxa2 36. Rd2 $18) 35. Rd2 (35. g4 $142) 35... Na4 36. Rc2 $2 {[#]} (36. Rd3 a2 37. Bxa2 $1 {[%mdl 512]} Bxa2 38. Rd2) 36... Bf5 $2 (36... c5 $1 {[%mdl 512]} 37. bxc5 b4) 37. Rc1 $2 (37. Ra2 Bxb1 38. Rxa3) 37... Bxb1 {Black is clearly winning.} 38. Rxb1 c5 39. bxc5 a2 40. Ra1 Nc3 {Precision: White = 29%, Black = 76%.} 0-1

[Event "CRO-ch Men 2018"]
[Site "Pozega"]
[Date "2018.04.26"]
[Round "10.1"]
[White "Kuljasevic, Davorin"]
[Black "Brkic, Ante"]
[Result "1-0"]
[WhiteElo "2538"]
[BlackElo "2596"]
[Annotator "TA"]
[PlyCount "111"]
[EventDate "2018.??.??"]
[EventType "tourn"]
[EventCountry "CRO"]
[SourceTitle "playchess.com"]
[Source "ChessBase"]
[SourceQuality "1"]

{[%evp 16,111,3,1,7,0,10,7,14,0,1,-2,2,12,17,3,7,8,16,17,8,7,14,5,11,10,22,22,22,15,23,23,23,21,21,21,21,28,34,24,44,36,33,31,78,77,120,114,112,103,129,120,186,168,155,206,256,266,276,261,273,284,285,227,559,548,795,781,2727,687,687,687,687,669,750,708,4149,4149,4149,4149,4149,4149,4149,4149,4149,4137,4145,4137,29987,29988,29988,8,29989,29990,29990,29987,29989,4145]} 1. d4 Nf6 2. c4 e6 3. Nc3 Bb4 4. Qc2 d5 5. cxd5 exd5 6. Bf4 {E35: Nimzo-Indian: Classical: 4...d5 5 cxd5 exd5} (6. Bg5 h6 7. Bh4 c5 8. e3 cxd4 9. exd4 Nc6 10. Bb5 O-O 11. Nge2 Qb6 12. Bxc6 Qxc6 13. Bxf6 Qxf6 14. O-O Bxc3 15. Qxc3 Bg4 {½-½ (30) Nepomniachtchi,I (2729)-Karjakin,S (2760) London 2017}) 6... c5 7. dxc5 Nc6 8. e3 O-O 9. Nf3 {LiveBook: 6 Games} d4 10. O-O-O {[%cal Re3d4]} Bxc5 11. exd4 Bd6 12. Bxd6 Qxd6 13. a3 Bg4 $146 ({Predecessor:} 13... Rd8) 14. Kb1 Rac8 15. d5 Ne7 {[%cal Re7d5]} 16. Qb3 Rfd8 17. Bd3 Nexd5 18. Nxd5 Nxd5 19. Be4 {[%cal Rd1d5]} Be6 {aiming for ...Nc3+!} 20. Rd4 Nf6 21. Rxd6 Bxb3 22. Rxd8+ Rxd8 23. Bxb7 Ng4 24. Rc1 h6 25. Rc8 Rxc8 26. Bxc8 Nxf2 $11 {[%mdl 4096] Endgame KBN-KBN} 27. Bb7 Kf8 28. Nd4 Bc4 29. Bf3 g5 30. Kc2 g4 31. Bb7 Ke7 32. Kc3 Ba2 33. Kd2 Bb1 (33... Kd6 $16) 34. Nc6+ $1 $18 Kd6 35. Nxa7 Kc5 36. Nc8 f5 37. g3 {[%cal Bg2g3,Bg3f4][%mdl 32]} h5 38. b4+ Kd4 39. Nd6 f4 $2 (39... Ke5 {is a better chance.}) 40. gxf4 h4 41. a4 Nd3 42. a5 (42. Nf5+ $142 Kc4 43. Ba6+ Kxb4 44. Bxd3) 42... Nxb4 43. a6 Nxa6 44. Bxa6 Kd5 {[#]} 45. Nb5 $1 Ke4 {[#]} 46. Nc3+ $1 Kxf4 47. Nxb1 Kf3 48. Be2+ Kg2 49. Bxg4 {White wants to mate with Ke2.} Kxh2 50. Ke2 {Intending Kf2 and mate.} Kg2 51. Bf3+ Kg1 52. Nd2 h3 53. Nf1 h2 54. Ng3 {White mates.} h1=Q 55. Nxh1 Kh2 56. Kf2 {Precision: White = 88%, Black = 39%.} (56. Ke3 $142 Kh3 57. Kf4 Kh4 58. Ng3 Kh3 59. Nf1 Kh4 60. Ne3 Kh3 61. Bg4+ Kh2 62. Kf3) 1-0

[Event "CRO-ch Men 2018"]
[Site "Pozega"]
[Date "2018.04.26"]
[Round "10.2"]
[White "Jovanovic, Zoran"]
[Black "Bosiocic, Marin"]
[Result "1/2-1/2"]
[WhiteElo "2536"]
[BlackElo "2605"]
[Annotator "TA"]
[PlyCount "36"]
[EventDate "2018.??.??"]
[EventType "tourn"]
[EventCountry "CRO"]
[SourceTitle "playchess.com"]
[Source "ChessBase"]
[SourceQuality "1"]

{[%evp 15,36,24,88,39,46,18,35,17,39,18,11,0,13,10,10,7,11,15,19,9,11,0,0]} 1. e4 c5 2. Nc3 e6 3. Nge2 Nc6 4. g3 a6 5. Bg2 b5 6. d4 {B23: Closed Sicilian: Lines without g3} cxd4 7. Nxd4 Bb7 8. O-O Bc5 {LiveBook: 10 Games} (8... Nxd4 $11 9. Qxd4 Rc8) (8... Nxd4 9. Qxd4 Ne7 10. Re1 Nc6 11. Qd1 d6 12. a4 b4 13. Nd5 exd5 14. exd5+ Ne5 15. f4 {½-½ (36) Safarli,E (2657)-Svidler,P (2727) Berlin 2015}) 9. Be3 {[#] aiming for Nxc6.} (9. Nb3 {feels hotter.} Ba7 10. e5 f5 11. Qh5+ g6 12. Qe2) 9... Qb6 $1 {[%cal Rc5d4]} 10. Nxc6 Bxc6 11. Re1 $146 ({Predecessor:} 11. Bxc5 Qxc5 12. Qg4 Kf8 13. a3 h5 {0-1 (38) Praneeth,S (2201)-Deepan Chakkravarthy,J (2523) Kolkata 2012}) 11... Ne7 12. Qd2 O-O {The position is equal.} 13. Rad1 Rac8 14. a3 Rfd8 15. Qd6 Bxd6 16. Bxb6 Bc7 17. Bxc7 Rxc7 18. Nd5 Bxd5 {Precision: White = 11%, Black = 58%.} 1/2-1/2

[Event "CRO-ch Men 2018"]
[Site "Pozega"]
[Date "2018.04.26"]
[Round "10.4"]
[White "Fercec, Nenad"]
[Black "Kovacevic, Blazimir"]
[Result "1/2-1/2"]
[WhiteElo "2446"]
[BlackElo "2493"]
[Annotator "TA"]
[PlyCount "131"]
[EventDate "2018.??.??"]
[EventType "tourn"]
[EventCountry "CRO"]
[SourceTitle "playchess.com"]
[Source "ChessBase"]
[SourceQuality "1"]

{[%evp 19,131,5,27,11,27,7,11,16,6,20,24,31,87,86,85,86,81,74,71,72,64,43,54,49,44,45,36,40,66,54,54,57,93,55,61,64,64,61,75,41,70,0,74,68,72,68,82,66,66,66,78,58,68,68,72,58,81,56,89,53,54,0,92,69,80,21,50,0,0,-17,-12,-26,0,0,2,0,29,28,77,77,77,19,20,27,43,0,0,0,0,0,0,0,5,0,8,0,0,0,0,0,0,0,0,0,0,0,0,0,0,0,0,0,0,0]} 1. e4 c6 2. d4 d5 3. e5 c5 4. Nf3 Nc6 (4... e6 5. c3 Ne7 6. Bd3 Nec6 7. O-O Be7 8. Re1 b6 9. a3 a5 10. a4 Ba6 11. Na3 Bxd3 12. Qxd3 {0-1 (71) Shankland,S (2671)-Li,C (2732) Liaocheng 2018}) 5. c4 cxd4 6. Nxd4 {B12: Caro-Kann: Advance Variation} dxc4 7. Nxc6 Qxd1+ 8. Kxd1 bxc6 9. Bxc4 Bf5 10. Nc3 e6 {LiveBook: 8 Games} 11. Ke2 $146 ({Predecessor:} 11. Be3 Ne7 {1-0 (43) Haslinger,S (2511)-Lalic,S (2344) Liverpool 2008}) 11... Ne7 12. Be3 Nd5 13. Nxd5 exd5 14. Bb3 Be7 15. Rac1 Kd7 (15... Bd7 $14) 16. Ba4 Rhc8 17. Rhd1 Be6 18. Rc2 Rc7 19. Rdc1 {[%cal Rc2c6]} Rac8 20. a3 Bf5 21. Rc3 f6 22. Bf4 fxe5 23. Bxe5 Bf6 24. Bxf6 gxf6 25. Kd2 Be4 26. f3 Bg6 27. Rc5 Kd6 28. b4 Be8 29. Bb3 Bf7 30. Ba4 Be8 $1 31. Kd3 Bd7 32. Kd4 a6 33. Bb3 Be6 34. Ra5 Ra7 35. Bc2 Rg8 36. g3 Bc8 37. Rc5 Rc7 38. Bb3 {[%cal Rb3d5] [#] Threatens to win with Bxd5!} Rgg7 39. Re1 Rg8 40. Rec1 {[%cal Rb3d5] Black must now prevent Bxd5!} Rgg7 $1 41. Ba4 {[%cal Rc5c6]} Bb7 42. Re1 (42. Ke3 $16) 42... Rge7 43. Rcc1 h6 44. f4 a5 45. Bc2 axb4 46. axb4 Ba6 47. Ra1 Bb5 48. Bf5 Rxe1 49. Rxe1 $11 {[%mdl 4096] [#] Endgame Hoping for Re6+. KRB-KRB} Re7 50. Ra1 ({White should play} 50. Rxe7 $16 Kxe7 51. Kc5) 50... Rb7 51. Ra8 {And now Rf8 would win.} Bf1 52. Rd8+ Ke7 {The position is equal.} 53. Rh8 {Strongly threatening Rh7+.} Rxb4+ 54. Kc5 Rc4+ 55. Kb6 d4 56. Rh7+ Ke8 57. Be6 {Bf7+ is the strong threat.} Ra4 58. Bd7+ Kf8 59. Bxc6 Ra6+ 60. Kc5 d3 61. Rh8+ Kg7 62. Rd8 f5 63. Rd7+ Kf6 64. Rd6+ Kg7 65. Rd7+ Kf6 66. Rd6+ {Precision: White = 42%, Black = 64%.} 1/2-1/2